000 00704nam a2200205Ia 4500
003 GCL
008 140319s9999 xx 000 0 ara d
040 _aGCL /
_cGCL
082 0 4 _a575
_bر ع
100 1 _aمصطفى ابراهيم فهمى
245 1 0 _aعلم الاحياء والايديولوجيا والطبيعة البشرية (عالم المعرفة148 ) /
_cمصطفى ابراهيم فهمى
700 1 _aروز، ستيفن
300 _a448 ص
490 _aعالم المعرفة
_v0
650 0 4 _aالتاريخ الطبيعى
650 0 4 _aالتغير البيولوجى
650 0 4 _aالتكيف الاجتماعى
650 0 4 _aالاحياء، علم
942 _2ddc
_cBK
999 _c51526
_d51526